| 000 | 00367cam a22001097a 4500 | ||
|---|---|---|---|
| 008 | 180718b1957 xxu||||| |||| 00| 0 eng d | ||
| 082 | _aR8x47 In2 | ||
| 245 | _aLabour and the Soviet state: an IRIS survey of trade unions in the communist state | ||
| 260 |
_aLondon _bIndustrial Research and Information Services _c1957 |
||
| 300 | _a20p. | ||
| 650 | _aLabour Unions - USSR | ||
| 999 |
_c370285 _d370285 |
||